| 000 | 00490nam a22001577a 4500 | ||
|---|---|---|---|
| 003 | OSt | ||
| 008 | 260420b |||||||| |||| 00| 0 eng d | ||
| 082 |
_a635.9 _bA62S |
||
| 100 | _aAnsari, Md. Shamsuddin | ||
| 245 | _aStudies on The effect of Plant Growth regulators on Growth and flowering of Zinnia (Zinnia elegans Jacq.) | ||
| 260 |
_aPusa, Samastipur _bRAU, Pusa _c1987 |
||
| 300 | _a101P. | ||
| 502 |
_bMsc. _d1987 |
||
| 650 | _aHorticulture (Vegetable & Floricuture) | ||
| 942 |
_2ddc _cT |
||
| 999 |
_c50090 _d50090 |
||